000 00697nam a2200289Ia 4500
005 20260324143830.0
008 008 260324s9999 xx 000 0 eng d
020 _a9781315139784
037 _aEBOOK
040 _aCRL
040 _beng
040 _cCRL
041 _2eng
041 _aeng
084 _qCRL
100 _aJohn C. Nash
_91217093
245 0 _aCompact Numerical Methods for Computers
245 0 _bLinear Algebra and Function Minimisation
260 _bTaylor and Francis
260 _c1990
365 _a
365 _b225
856 _uhttp://www.taylorfrancis.com/books/9781315139784
942 _cEBOOK
999 _c1822951
_d1822951